| 000 | 00921cam a22002655a 4500 | ||
|---|---|---|---|
| 001 | 016312954 | ||
| 003 | OSt | ||
| 005 | 20201128021452.0 | ||
| 008 | 130315t2013 njua frb 001 0 eng d | ||
| 020 | _a9781118474204 | ||
| 040 |
_aStDuBDS _beng _cStDuBDS _dUk _dEG-ScBUE |
||
| 082 | 0 | 4 |
_a670.42 _222 _bGRO |
| 100 | 1 |
_aGroover, Mikell P., _d1939- _938809 |
|
| 245 | 1 | 0 |
_aPrinciples of modern manufacturing / _cMikell P. Groover. |
| 250 | _a5th ed., SI version. | ||
| 260 |
_aHoboken : _bJohn Wiley & Sons Sinhapore Pte., _cc.2013. |
||
| 300 |
_axv, 1003 p. : _bill. (black and white) ; _c26 cm. |
||
| 500 | _aIndex : p. 991-1003. | ||
| 500 | _aPrevious edition: Hoboken, New Jersey : John Wiley, 2011. | ||
| 504 | _aIncludes bibliographical references. | ||
| 650 | 7 |
_aProduction engineering. _2BUEsh _9357 |
|
| 650 | 7 |
_aManufacturing processes. _2BUEsh _94604 |
|
| 653 |
_bENGGEN _cAugust2015 _cJanuary2016 |
||
| 942 | _2ddc | ||
| 999 |
_c20455 _d20427 |
||